000 00508nam a2200217Ia 4500
003 OSt
005 20220924143935.0
006 a|||||r|||| 00| 0
007 ta
008 220923b |||||||| |||| 00| 0 urd d
024 _a311174
037 _cTextual
040 _aARTS
_cARTS
_burd
041 _2urd
_aurd
082 _aO168,1x, F1
245 0 _aChar bagh rangeen
260 _c1921
650 _aURDU LITERATURE
942 _hO168,1x, F1
_cTEXL
_2CC
999 _c455867
_d455867